000 00579nam a2200229Ia 4500
003 OSt
005 20221005122227.0
006 a|||||r|||| 00| 0
007 ta
008 221004b |||||||| |||| 00| 0 ben d
024 _a54040
037 _cTextual
040 _aCRL
_cCRL
_bben
041 _2ben
_aben
082 _aO157,3N04,14, 32K3.2
100 _aJarasandhan
_9631673
245 0 _aIrumpazhikal
260 _c1969
650 _aBENGALI LITERATURE
942 _hO157,3N04,14, 32K3.2
_cTEXL
_2cc
999 _c1043664
_d1043664